Инфокоммуникационные системы и сети. Лабораторный практикум: учебно-методическое пособие
| Autor Principal: | |
|---|---|
| Autor Corporativo: | |
| Summary: | Заглавие с титульного экрана Пособие позволяет получить базовые навыки в работе с IP-сетями в среде операционных систем Microsoft Windows. Рассмотрены различные топологии инфокоммуникационных сетей, принципы и практические вопросы применения статистической и динамической маршрутизации, внедрения сетевых сервисов. Предназначено для студентов, обучающихся по направлению 09.03.02 "Информационные системы и технологии" AM_TPU_network |
| Idioma: | ruso |
| Publicado: |
Томск, Изд-во ТПУ, 2017
|
| Subjects: | |
| Acceso en liña: | http://www.lib.tpu.ru/fulltext2/m/2018/m009.pdf |
| Formato: | MixedMaterials Electrónico Libro |
| KOHA link: | https://koha.lib.tpu.ru/cgi-bin/koha/opac-detail.pl?biblionumber=339736 |
MARC
| LEADER | 00000nam0a2200000 4500 | ||
|---|---|---|---|
| 001 | 339736 | ||
| 005 | 20260414112846.0 | ||
| 035 | |a (RuTPU)RU\TPU\book\366275 | ||
| 035 | |a RU\TPU\book\366272 | ||
| 090 | |a 339736 | ||
| 100 | |a 20180124d2017 m y0rusy50 ca | ||
| 101 | 0 | |a rus | |
| 102 | |a RU | ||
| 105 | |a a j 001zy | ||
| 135 | |a drcn ---uucaa | ||
| 181 | 0 | |a i |b e | |
| 182 | 0 | |a b | |
| 183 | 0 | |a cr |2 RDAcarrier | |
| 200 | 1 | |a Инфокоммуникационные системы и сети. Лабораторный практикум |e учебно-методическое пособие |f В. С. Шерстнёв |g Национальный исследовательский Томский политехнический университет (ТПУ) | |
| 203 | |a Текст |c электронный |b визуальный | ||
| 210 | |a Томск |c Изд-во ТПУ |d 2017 | ||
| 283 | |a online_resource |2 RDAcarrier | ||
| 300 | |a Заглавие с титульного экрана | ||
| 330 | |a Пособие позволяет получить базовые навыки в работе с IP-сетями в среде операционных систем Microsoft Windows. Рассмотрены различные топологии инфокоммуникационных сетей, принципы и практические вопросы применения статистической и динамической маршрутизации, внедрения сетевых сервисов. Предназначено для студентов, обучающихся по направлению 09.03.02 "Информационные системы и технологии" | ||
| 371 | 0 | |a AM_TPU_network | |
| 452 | 1 | |0 (RuTPU)RU\TPU\book\378354 |t Инфокоммуникационные системы и сети. Лабораторный практикум |o учебно-методическое пособие |f В. С. Шерстнёв |g Национальный исследовательский Томский политехнический университет |c Томск |n Изд-во ТПУ |d 2017 |p 117 с. |a Шерстнёв, Владислав Станиславович | |
| 606 | 1 | |a Информационные сети |2 stltpush |3 (RuTPU)RU\TPU\subj\12936 |9 39634 | |
| 610 | 1 | |a электронный ресурс | |
| 610 | 1 | |a труды учёных ТПУ | |
| 610 | 1 | |a лабораторные практикумы | |
| 610 | 1 | |a IP-сети | |
| 610 | 1 | |a операционные системы | |
| 610 | 1 | |a Microsoft Windows | |
| 610 | 1 | |a инфокоммуникационные сети | |
| 610 | 1 | |a инфокоммуникационные системы | |
| 610 | 1 | |a маршрутизация | |
| 610 | 1 | |a сетевые сервисы | |
| 610 | 1 | |a вычислительные сети | |
| 610 | 1 | |a сетевые технологии | |
| 675 | |a 004.7(075.8) |v 4 | ||
| 700 | 1 | |a Шерстнёв |b В. С. |c специалист в области информатики и вычислительной техники |c доцент Томского политехнического университета, кандидат технических наук |f 1974- |g Владислав Станиславович |3 (RuTPU)RU\TPU\pers\27765 |9 12826 | |
| 712 | 0 | 2 | |a Национальный исследовательский Томский политехнический университет (ТПУ) |b Инженерная школа информационных технологий и робототехники (ИШИТР) |b Отделение информационных технологий (ОИТ) |3 (RuTPU)RU\TPU\col\23515 |
| 801 | 1 | |a RU |b 63413507 |c 20110609 | |
| 801 | 2 | |a RU |b 63413507 |c 20211026 |g RCR | |
| 856 | 4 | 0 | |u http://www.lib.tpu.ru/fulltext2/m/2018/m009.pdf |z http://www.lib.tpu.ru/fulltext2/m/2018/m009.pdf |
| 942 | |c CF | ||